| 000 | 00405nam a2200133Ia 4500 | ||
|---|---|---|---|
| 008 | 220216s9999 xx 000 0 und d | ||
| 100 | _aDavey J E | ||
| 245 | 0 | _aIntrinsic sulphur content of carbon black and its relevance to rubber vulcanisate analysis | |
| 260 |
_bJournal of Natural Rubber Research _c1989 |
||
| 300 | _a284-287 | ||
| 650 | _aCarbon black | ||
| 650 | _aRubber vulcanisate | ||
| 942 | _cJS | ||
| 999 |
_c61596 _d61596 |
||